[Event "Dortmund SuperGM 31st"]
[Site "Dortmund"]
[Date "2003.08.03"]
[Round "4"]
[White "Naiditsch, Arkadij"]
[Black "Radjabov, Teimour"]
[Result "1-0"]
[WhiteElo "2574"]
[BlackElo "2648"]
[Annotator "Golod,V"]
[PlyCount "95"]
[EventDate "2003.07.31"]
[EventType "tourn"]
[EventRounds "10"]
[EventCountry "GER"]
[EventCategory "18"]
[SourceTitle "CBM 097"]
[Source "ChessBase"]
[SourceDate "2003.11.11"]
[SourceVersion "1"]
[SourceVersionDate "2003.11.11"]
[SourceQuality "1"]

1. e4 {Ftacnik} c5 2. Nf3 e6 3. d4 cxd4 4. Nxd4 Nf6 5. Nc3 Nc6 6. Nxc6 bxc6 7.
e5 Nd5 8. Ne4 Qc7 9. f4 Rb8 $6 {In the last years strong chess players do not
go on this line, as it is considered very dangerous for him. Besides, Black
has three alternatives:} (9... Qa5+ {It's main line.See comments to Varga,
Z-Filippov,V/Neum,2000/CBM 80(1-0)(Golod,V)(28)}) (9... Qb6 $5 {You can see
comments to Felgaer,R-Rosito,J/Pinamar,2002/CBM 88(1-0)(Golod,V)(73)}) ({and} 
9... f5 $5) 10. Bd3 ({Also were checked up in previous games:} 10. a3 {[%csl
Ya3][%cal Ya3b4,Gc2c4]}) ({and} 10. c4 $6 Bb4+ $36) 10... Qb6 ({On:} 10... Ba6
$5 {you can find three games in Mega Database 2003.}) 11. a3 $5 $146 ({
Recently was checked up another continuation:} 11. Qe2 $5 {You can see
comments to Adams,M-Radjabov,T/Enghien les Bains,2003/CBM 96(1-0)(Golod,V)(29)}
) 11... Be7 ({Is a possible continuation of the play:} 11... Ba6 $5 12. Bxa6
Qxa6 13. b3 {/\Bb2 or c4} f5 $1 14. exf6 Nxf6 15. Nxf6+ gxf6 16. Qh5+ Kd8 17.
Bb2 Be7 18. Rd1 $14) 12. Qe2 ({A little prematurely:} 12. c4 {in view of:} f5
$5 (12... Ne3 $143 13. Qe2 Nf5 {[%csl Rd4]} 14. b4 $14) 13. Ng3 (13. cxd5 $143
fxe4 14. Bxe4 cxd5 15. Qh5+ Kd8 $13) 13... Ne3 14. Qf3 Ng4 (14... Bc5 $2 15. b4
Bd4 $140 16. Bxe3 $1 Bxe3 17. c5 {[%csl Rb6,Re3]} Bxc5 18. bxc5 Qxc5 19. Be2
$18) 15. h3 Nh6 {+/=/=}) 12... f5 13. Nf2 $5 ({Leads to favourable
simplifications for Black:} 13. Nd6+ Bxd6 14. exd6 c5 {[%csl Rd6]} 15. c4 Nf6
16. Bxf5 (16. Qe5 $6 O-O {[%csl Rd6,Ye5][%cal Gf6g4,Gf6e8]}) 16... Qxd6 17. O-O
O-O 18. Bd3 {+/=/=}) 13... Bc5 (13... Qd4 {Ftacnik} 14. Qh5+ g6 15. Qf3 Qa4 16.
O-O Ba6 17. Bxa6 Qxa6 18. b3 $14) 14. Nd1 {/\c4 Ftacnik: 'Naiditsch is not
averse to investing a lot of time into attempt to control central squares.'} ({
Leads to equality:} 14. c4 $2 Ba6 15. cxd5 Bxf2+ 16. Qxf2 Bxd3 17. dxe6 dxe6
$11) 14... d6 $6 {Already here Black have planned not an absolutely correct
sacrifice.} ({In this position I would accept the following decision:} 14... a5
$5 15. c4 $140 Ne7 {[%csl Rd4] +/=/=}) 15. c4 dxe5 {[%mdl 512]} ({Still it was
possible to change the previous dubious decision:} 15... Ne7 16. exd6 Bxd6 17.
b4 c5 18. Be3 Qc7 19. O-O {[%csl Ra7] +/=/=}) 16. cxd5 $140 e4 17. Bc2 exd5 (
17... Ba6 $143 18. Qd2 (18. Qh5+ $2 g6 19. Qh4 Be7 $1 20. Qh6 $140 Bf6 $36 {
[%csl Re1][%cal Gb6b5,Gb5e2,Yf6c3]}) 18... exd5 19. b4 {[%cal Gc1b2] with
obvious advantage of White.}) 18. b4 {[%cal Gc1b2]} Bd4 $2 {It was not
necessary to hasten with this exchange of the bishops:} (18... Be7 $1 {[%csl
Yd5,Ye4,Yf5][%cal Ge7f6,Yd5d4]} 19. Bb2 {[%csl Re5,Rg7][%cal Gb2g7,Gb2e5]} (19.
Ba4 Be6 20. Bb2 {[%cal Ge2e3]} O-O $44 (20... d4 {Ftacnik} 21. Rc1 $16)) 19...
d4 20. Ba4 {[%csl Rc6,Rd4][%cal Ga1c1,Ge2c4]} Ba6 $44) 19. Bb2 a5 ({Hardly it
was better:} 19... Bxb2 20. Nxb2 $140 c5 {in view of:} 21. Na4 Qf6 22. Rd1 {
[%csl Rc5,Rd5]} cxb4 23. axb4 d4 24. Qc4 d3 25. Bb3 Ba6 26. Qc5 $16 {[%csl Ra7,
Re8][%cal Gc5a7]}) 20. Qd2 (20. bxa5 $4 {is refuted by:} Qxa5+ {[%csl Rb2,Re1]}
) 20... Bxb2 21. Nxb2 axb4 22. Na4 e3 {Teimour Radjabov had a rather uneasy
choice between it and another continuation: Ftacnik: 'The pawn mass needs
dynamics, otherwise white's pieces will be able to get reasonable control.'} (
22... Qa5 23. Rb1 $16 {[%csl Ra5][%cal Ga3b4]} c5 $140 24. Qxd5 $1 b3+ 25. Kf2
{and now badly:} Qxa4 {because of:} 26. Bxb3 $1 {[%csl Re8][%cal Gd5f7]} Rxb3 (
26... Qxa3 $4 27. Qf7+ Kd8 28. Rhd1+ Bd7 29. Qxd7#) (26... Qa7 $2 27. Qe5+ Kd8
(27... Kf8 28. Qd6+ $1 Ke8 $140 29. Qxb8 $1 Qxb8 30. Ba4+ {[%csl Rb8]}) 28.
Rhd1+ Bd7 29. Rxd7+ $1 Kxd7 30. Be6+ {[%csl Rb8]} Ke7 $8 (30... Kc6 31. Qd5+
Kc7 32. Qd7#) 31. Bxf5+ {[%csl Rb8]} Kf7 $8 32. Qe6+ Kf8 33. Qd6+ Kf7 34. Be6+
Kg6 35. Bg8+ Kh5 36. Qe5+ Kh4 37. Qg5#) 27. Qxb3 Qd4+ 28. Qe3 {+/-/+-}) 23. Qd3
Qa7 ({I do not think that it was much better:} 23... Qb5 24. Qxb5 (24. Qxe3+ $6
Kf7 $14 {[%cal Gh8e8]}) 24... Rxb5 25. Bd3 Rb8 26. Ke2 $16) 24. Rb1 O-O {
'?' Ftacnik. Besides castle,Black has two main alternatives: Ftacnik:
'Radjabov is refusing to sacrifice valuable e3 pawn, but his breathing space
will become very narrow.'} (24... bxa3 25. Rxb8 Qxb8 26. Qxe3+ Kf7 27. O-O $16
Re8 {Ftacnik} 28. Qd4 (28. Qxa3 Ba6 29. Rd1 Qxf4 $11) 28... Re2 29. Rb1 Qc7 $13
) ({or} 24... b3 25. Rxb3 {[%csl Rb8]} Rxb3 26. Bxb3 O-O 27. Qc3 {/\Nc5 and
0-0 +/-}) 25. axb4 $16 Ba6 26. Qc3 Bc4 {[%csl Re1][%cal Yc4f1]} 27. Nc5 {
It is necessary to improve an location of the knight. White's plan is: Bd3 and
0-0} Rb5 (27... Rbe8 $143 28. Bd3 Bxd3 29. Qxd3 e2 (29... Qa2 30. O-O) 30. Kf2
Re4 31. Kg3 {+/-/+-}) 28. Bd3 {'?' Ftacnik.} (28. Ne6 {Ftacnik} Re8 29. Nd4 Qc7
30. g3 Rb7 31. Nxf5 $18) 28... Rxc5 {[%mdl 512] '?!' Ftacnik. The next
sacrifice, but this time in a rather difficult position. Ftacnik: 'The best
moves are hard to find in somewhat irrational position, black is trying hard
to break material balance. More modest move 28...Qa2! was probably promising
equality.'} (28... Qa2 $1 {Ftacnik} 29. Qc2 (29. Rb2 Qa1+ 30. Bb1 Re8 $13)
29... Qxc2 30. Bxc2 Rfb8 31. Nd7 R8b7 32. Ne5 Rxb4 33. Rxb4 Rxb4 34. Nxc6 Rb2
35. Nd4 g6 $11) 29. bxc5 Bxd3 {Black had no other worthy alternative:} (29...
Qa2 $2 30. O-O $140 Qd2 31. Qxd2 exd2 32. Bxc4 dxc4 33. Rf3 {[%csl Yb1,Yf3,Yg1]
[%cal Yf3c3,Yb1d1,Yg1f1,Yf1e2]}) 30. Qxd3 Qa5+ $8 {Differently,after:} (30...
Qxc5 31. Ke2 {[%cal Gh1c1] it is possible to stop resistance:} Ra8 32. Rhc1
Ra2+ 33. Kf3 Rf2+ 34. Kg3 $18 {[%csl Rc6,Re3]} Qe7 $140 35. Rb8+ {[%csl Rf5]
[%cal Gd3f5]}) 31. Kd1 (31. Ke2 $143 Qa2+ {[%csl Gf8,Rg2] you can see
annotations to 32.Ke2.}) 31... Qa4+ (31... Qxc5 $143 32. Rc1 Qb6 33. Ke2 $18)
32. Kc1 {At last,White have removed the king from the centre.} (32. Ke2 $143
Qa2+ 33. Kxe3 Qxg2 34. Kd4 Re8 35. Rhe1 $1 Qf2+ 36. Kc3 Qxc5+ (36... Rxe1 $4
37. Rb8+ Re8 $8 (37... Kf7 38. Qxf5+ Ke7 39. Rb7+ Ke8 (39... Kd8 40. Qd7#) 40.
Qc8#) 38. Rxe8+ Kf7 39. Qe3 d4+ 40. Kxd4 Qb2+ 41. Kd3 $18 {[%cal Yd3e2,Ye2f3,
Yf3g3]}) 37. Kd2 Qf2+ 38. Re2 (38. Kc3 Qc5+) 38... Qxf4+ 39. Ke1 Rxe2+ (39...
Qh4+ 40. Kf1 Qf4+ 41. Rf2 $16) 40. Qxe2 Qh4+ 41. Kf1 Qf4+ 42. Kg2 $16) 32...
Re8 $5 {[%csl Rc1][%cal Ge8e4,Ge4c4]} ({Same position with rearrangement of
moves also it is possible to receive,after:} 32... Qxf4 33. Re1 Re8) 33. Re1
Qxf4 {Black had no other alternative:} (33... Re4 $2 34. Rb8+ Kf7 35. Rxe3 Rc4+
$140 (35... Qa1+ 36. Rb1) (35... Rxe3 $2 36. Qxf5+) 36. Kb1 {[%csl Rf7][%cal
Gd3f5]} Rxf4 37. Rf3 Rb4+ 38. Rxb4 Qxb4+ 39. Kc2 Qxc5+ 40. Qc3 $18) 34. g3 Qe5
(34... Qf2 $143 35. Re2 Qf3 36. Rb4 {[%cal Gb4f4]} g5 37. Rb7 $18 {[%csl Rg8]})
35. Rb2 {[%csl Yb2]} g5 {[%csl Rg8] '?' Ftacnik. Black weakens the position of
his king. It's a rather doubtful decision, but it is very difficult to give a
good advice. Ftacnik: 'Radjabov simply has to juggle with his impressive pawn
chain, unfortunatelly this move is a serious inaccuracy.'} (35... d4 $1 {
Ftacnik} 36. Qc4+ Kh8 37. Ra2 (37. Kc2 Qe4+ 38. Qd3 Qd5 $14) 37... g5 38. Ra3
f4 $132) 36. Kb1 d4 ({Very weakly:} 36... Qe4 {because of:} 37. Qxe4 Rxe4 38.
Kc2 {[%csl Re3][%cal Gc2d3]} f4 39. Kd3 {[%csl Rc6][%cal Gb2b6]} Rc4 $140 40.
Rb7 $1 $18 {[%csl Rg8][%cal Ge1a1,Ga1a8]}) 37. Rb7 $1 Kh8 {Black can not find
protection against numerous threats.Also loses a game:} (37... Qxc5 38. g4 $1 {
[%csl Rg8]} Qd5 39. Qxf5 Qxf5+ 40. gxf5 Re5 (40... d3 41. Rd7 d2 $140 (41...
Rb8+ 42. Ka2 {[%csl Rd3,Re3]}) 42. Rxd2 $1 Rb8+ (42... exd2 43. Rxe8+ Kf7 44.
Rd8 {[%csl Yd8]}) 43. Rb2) 41. Rd7 c5 42. Rf1 $1 {[%csl Yf1][%cal Yb1c2,Yc2d3,
Yf1f5]} Re4 (42... e2 43. Re1 {[%csl Re2][%cal Yb1c2,Yc2d2]}) 43. Kc2 Rf4 44.
Ra1 $1 {[%csl Rg8]} Rxf5 $8 45. Ra8+ Rf8 46. Rxf8+ Kxf8 47. Kd3 $18 c4+ $140
48. Ke2 {[%csl Rc4,Rd4,Re3]}) 38. g4 {[%csl Rh8]} Rb8 39. Rxb8+ (39. Rb6 $2 f4
40. Rd1 $140 f3 $132 {[%csl Ge3,Gf3]}) 39... Qxb8+ 40. Kc2 {[%csl Rd4]} Qb4 (
40... Qe5 $143 41. Qxf5 Qxh2+ 42. Kd3 Qd2+ 43. Ke4 {[%csl Rh8][%cal Gf5f8]}) (
40... Qxh2+ $143 41. Re2 Qf4 42. Qxf5 $18) 41. Rb1 $18 Qxc5+ 42. Kd1 Qd5 ({
Immediately loses a game the following moves:} 42... f4 $2 43. Rb7 {[%csl Rh7,
Rh8][%cal Gd3h7]} e2+ 44. Qxe2 {[%cal Ge2e8]} Qf8 45. Qe4 Qg8 46. Qe5+) ({or} 
42... fxg4 $2 43. Rb7 e2+ 44. Kxe2 Qe5+ 45. Kd1 {[%csl Rh7,Rh8]} Qxh2 46. Qxd4+
Kg8 47. Qd8#) 43. Qxf5 {[%csl Rh8] It is necessary to use a weakness of the
Black's king!} Qh1+ (43... Qxf5 44. gxf5 Kg7 45. Rb4 c5 (45... Kf6 46. Rxd4
Kxf5 47. Ke2) 46. Rc4 {[%csl Rc5,Rd4,Re3]}) 44. Ke2 Qxh2+ 45. Kd3 Qd2+ 46. Ke4
{[%csl Gb1,Rd4,Gf5,Rh8][%cal Ge4d4,Gf5f8]} Qc2+ 47. Kxd4 Qd2+ 48. Ke4 ({
Further resistance is impossible:} 48. Ke4 Qc2+ 49. Kxe3 Qc3+ 50. Kf2 Qd4+ 51.
Kg2 Qd2+ 52. Kf1) 1-0

[Event "Enghien les Bains"]
[Site "Enghien les Bains"]
[Date "2003.06.19"]
[Round "6"]
[White "Adams, Michael"]
[Black "Radjabov, Teimour"]
[Result "1-0"]
[WhiteElo "2723"]
[BlackElo "2644"]
[Annotator "Golod,V"]
[PlyCount "57"]
[EventDate "2003.06.13"]
[EventType "tourn"]
[EventRounds "9"]
[EventCountry "FRA"]
[EventCategory "17"]
[SourceTitle "CBM 096"]
[Source "ChessBase"]
[SourceDate "2003.09.25"]
[SourceVersion "1"]
[SourceVersionDate "2003.09.25"]
[SourceQuality "1"]

1. e4 {McShane} c5 2. Nf3 e6 3. d4 cxd4 4. Nxd4 Nf6 5. Nc3 Nc6 6. Nxc6 {
McShane: 'Black's move order often transposes to a Sveshnikov Sicilian, with
an extra tempo 'wasted' by both sides after'} (6. Ndb5 {McShane} d6 7. Bf4 e5
8. Bg5 a6 9. Na3 b5) 6... bxc6 7. e5 Nd5 8. Ne4 Qc7 9. f4 {McShane: 'In some
ways the position is critical already, since if White can boot the knight from
d5 and home in on the d6 square, he will be positionally winning.'} Rb8 $6 {
[%mdl 4] In the last years strong chess players do not go on this line, as it
is considered as very dangerous for them. Besides, Black has three
alternatives:  McShane: 'I don't quite feel this is in the spirit of the
position. Several games continued'} (9... Qa5+ {It's main line.See comments to
Varga,Z-Filippov,V/Neum,2000/CBM 80(1-0)(Golod,V)(28)}) (9... Qb6 $5 {You can
see comments to Felgaer,R-Rosito,J/Pinamar,2002/CBM 88(1-0)(Golod,V)(73)} 10.
c4 {McShane} Bb4+ 11. Ke2 {which is at the very least uncompromising!}) ({and} 
9... f5 $5) 10. Bd3 ({Also were checked up in previous games:} 10. a3 {[%csl
Ya3][%cal Ya3b4,Gc2c4]}) ({and} 10. c4 $6 Bb4+ $36) 10... Qb6 ({On:} 10... Ba6
$5 {you can find three games in Mega Database 2003.}) 11. Qe2 ({Recently was
checked up another continuation:} 11. a3 $5 Be7 (11... Ba6 $5) 12. Qe2 f5 13.
Nf2 (13. Nd6+ $5) 13... Bc5 14. Nd1 d6 15. c4 $14 {Naiditsch,A-Radjabov,T/
Dortmund,2003(1-0)(48)}) 11... Be7 $146 {/\f5} ({Were checked in the preceding
game:} 11... h5 $2 12. a3 $5 {[%csl Ya3,Rb4][%cal Ya3b4,Gc2c4]} a5 13. c4 Nc7
14. Rb1 Ba6 15. Be3 Qb3 16. O-O $16 {Van Leeuwen,E-Goossens,E/BEL,1992(1-0)(22)
}) (11... Nb4 $5 12. Bc4 Ba6) 12. c4 $6 {It's a discrepancy, which allows to
improve the position of the Black's pieces.} ({From my point of view,it was
much better:} 12. a3 {-transfers to 11.a3!?}) 12... Bb4+ $2 {Black did not use
the discrepancy of the contender. It was not necessary to make this
intermediate move:} (12... f5 $1 13. Nd6+ (13. cxd5 $6 fxe4 14. Bxe4 Bb4+ $1 {
[%csl Rb2,Re1][%cal Gc8a6]}) (13. exf6 $143 Nxf6 $11) 13... Bxd6 14. exd6 Qb4+
(14... Nb4 $6 15. Bb1 c5 16. a3 {[%csl Re8][%cal Gb1f5]} Nc6 17. Bxf5 Nd4 18.
Qh5+ Kf8 19. Bd3 Qxd6 (19... Nb3 $6 20. f5 $1 $16 {[%csl Rf8][%cal Ge1g1,Gh1f1]
}) 20. Rb1 $14) 15. Kd1 (15. Qd2 $6 Nxf4 {[%csl Rd3,Re1]} 16. Bf1 $44) 15...
Nf6 16. Qe5 O-O $13) 13. Kf1 {McShane: 'Here White is going to very little
trouble for his positional gains, as compared with the line above.'} f5 {
Now this progress is much worse, than on the previous move. McShane: 'Mixing
things up a bit, as'} ({Hardly is better:} 13... Nc7 14. Be3 $16 {McShane:
'would be a strategical nightmare.'}) (13... Ne7 $2 14. a3 {[%csl Rb4]} Bc5 15.
b4 Bd4 16. Nd6+ Kf8 17. c5 $18) 14. exf6 ({Less essentially next continuation:
} 14. Ng5 Nc7 (14... Ne7 $143 15. a3 {[%csl Rb4]} Bc5 16. b4 Bd4 17. Rb1 {
+/=/+/-}) 15. a3 (15. Rb1 $5) 15... Be7 16. b4 $14) 14... Nxf6 $8 15. Nxf6+ $1
({Also good enough:} 15. Be3 $5) 15... gxf6 {McShane: 'Black's central pawns
are potentially useful, but at the moment the lack of cover for his king is
the more salient feature.'} 16. Be3 $14 {[%csl Re8,Yf1] Position of White more
preferably at the expense of the best pawn chain and location of the king.} Qa5
$6 (16... Qc7 $142) (16... Bc5 $4 {McShane} 17. Qh5+ {picks up a piece.}) 17.
Kf2 Be7 ({It deserves attention:} 17... d6 $5 {[%csl Yc6,Yd6,Ye6,Yf6] /\Bc5})
18. c5 $1 {McShane: 'A key move, cementing White's positional advantage, and
shattering Black's dreams of mobilizing his central phalanx.'} d5 {Again a
dubious decision.} ({Can be recommended:} 18... f5) ({Impossibly:} 18... Bxc5 {
'??' McShane. in view of:} 19. Qh5+ {[%csl Rc5,Re8] McShane: 'is the tactical
justification for 18.c5!'}) 19. cxd6 Bxd6 20. Rhd1 $16 {McShane: 'Now Black's
pawns are very fragile, and once Adams has finished castling 'by hand' all the
advantages of a safer king become obvious.'} Ke7 21. Kg1 Bc5 22. Bxc5+ {
For White it is certainly favourable to exchange these bishops.} Qxc5+ 23. Kh1
{[%csl Re7,Yh1] McShane: 'The next few moves are very systematic, as White,
with his king safe, gangs up against e6.'} Qb4 $6 ({More stubborn resistance
after:} 23... Qd4 $5 {[%csl Rb2,Rf4]} 24. Qg4 {[%csl Re7][%cal Gg4g7]} f5 25.
Qh4+ Qf6 26. Qf2 $1 $16 {[%csl Ra7]}) 24. Qe3 {[%csl Ra7,Re6] Black can not
simultaneously protect all weaknesses.} Qa5 (24... Qxb2 $4 25. Rab1 {[%csl Rb2,
Rb8]}) (24... Qb6 25. Qg3 {[%csl Re7,Rh8][%cal Gg3g7]} Kf7 26. b3 {[%csl Re6]
[%cal Gd3c4]}) 25. b3 Bd7 26. Bc4 Rbd8 27. Re1 $18 {[%csl Re6,Re7] White
perfectly uses the weakness of the Black's king and there is no protection
against the numerous threats.} (27. Rxd7+ {(McShane) would be premature, as
Black has good chances after} Kxd7 28. Qxe6+ Kc7 29. Qxf6 Rhe8) 27... Qb6 (
27... Qf5 $144 28. Rad1 {[%csl Ra7,Re7][%cal Ge3a7]}) 28. Qg3 Rdg8 (28... Rhg8
$143 29. Qh3 {[%csl Re6,Rh7]}) 29. Qh3 (29. Qh3 {[%csl Re6] McShane: 'There is
no good way to defend e6, for example,'} c5 {McShane} 30. Bxe6 Bxe6 31. f5 {
sees White crashing through.}) 1-0

[Event "Sufe Cup"]
[Site "Shanghai"]
[Date "2000.03.06"]
[Round "4"]
[White "Peng, Xiaomin"]
[Black "Ye, Jiangchuan"]
[Result "1/2-1/2"]
[WhiteElo "2624"]
[BlackElo "2616"]
[Annotator "Golod,V"]
[PlyCount "49"]
[EventDate "2000.03.03"]
[EventType "tourn"]
[EventRounds "13"]
[EventCountry "CHN"]
[EventCategory "13"]
[SourceTitle "CBM 076"]
[Source "ChessBase"]
[SourceDate "2000.05.31"]
[SourceVersion "1"]
[SourceVersionDate "2000.05.31"]
[SourceQuality "1"]

1. e4 c5 2. Nf3 e6 3. Nc3 Nc6 4. d4 cxd4 5. Nxd4 Nf6 6. Nxc6 $5 bxc6 7. e5 Nd5
8. Ne4 Qc7 9. f4 Qa5+ 10. Bd2 $5 ({Another alternative is:} 10. c3 $5 {See
comments to: Voitsekhovsky-Yagupov,1998/CBM 66(1-0) (Golod,V)(39)}) 10... Qb6
11. Bd3 {It's main line.} (11. c4 $6 {See comments to Nataf,I-Filippov,V/
Koszalin,1999/CBM 73(1-0)(Golod,V)(38)}) 11... Be7 ({Dubious:} 11... Ba6 {
See comments to Hector,J-Ziegler,A/ Goteborg,1999/CBM 69(1-0)   (Golod,V)(37)})
12. Qe2 ({Another options is:} 12. c4 $5 {See comments to Fedorov,A-Khalifman,
A/ Samara,1998/CBM 67 (1/2-1/2)(Golod,V)(27)}) 12... a5 $5 {In my opinion this
move better,than:} (12... Bb7 $6 {(and 12...f5).See comments to Smirin,
I-Filippov,V/Elista,1998/CBM 66 (1-0)(Golod,V)(54)}) 13. c4 $5 $146 {[%mdl 8]}
(13. a3 $143 {(was checked in the previous games)} Rb8 (13... Qxb2 $5 14. O-O
Ba6 15. c4 (15. Bxa6 $143 Qb6+ 16. Kh1 Qxa6 17. c4 Nb6 18. Rfc1 $15) 15... Qd4+
16. Kh1 O-O $13) 14. b3 (14. c4 $143 f5 (14... Qxb2 $5) 15. Nf2 Qxb2 16. Rb1
Qxb1+ 17. Bxb1 Rxb1+ 18. Nd1 Ba6 $132 {Staniszewski,P-Filippov,V/Polanica
Zdroj, 1999(1-0)(39)}) 14... O-O 15. Qf2 Qxf2+ 16. Kxf2 f6 17. exf6 Nxf6 18.
Nxf6+ Bxf6 19. Rae1 a4 $11 {Olafsson,H-Filippov,V/Reykjavic,1999(0-1) (44)})
13... f5 {It's best reaction to 13.c4} ({Impossibly:} 13... Nb4 14. Bb1 $140
$14 {(with the idea 15.Be3;16.0-0 or 15.a3)} (14. Be3 $6 Nxd3+ 15. Qxd3 Qb4+ $5
(15... Qxb2 $143 16. O-O Qa3 17. Qxa3 Bxa3 18. c5 {[%csl Ra3]}) 16. Kf2 Qxb2+
17. Kf3 $13) 14... Nd5 $2 {[%csl Rb2][%cal Gc8a6] because of:} 15. cxd5 (15.
Bd3 Nb4) 15... Qxb2 16. O-O $1 (16. Bc3 $2 Qc1+ 17. Qd1 (17. Kf2 $2 Qxh1 $17)
17... Qe3+ 18. Qe2 (18. Kf1 $4 Ba6+ $19) 18... Qc1+ 19. Qd1 $11) 16... cxd5 {
[%csl Ra1]} (16... Qxa1 17. Bc3 Ba6 18. Qf2 {[%csl Ra1]}) 17. Qe3 $1 {[%cal
Gd2c3]} dxe4 18. Bxe4 Ra6 $8 19. Rab1 Qa3 (19... Qxa2 $2 20. Ra1 Qb2 21. Rfb1 {
[%csl Rb2]}) 20. Rfc1 O-O 21. Rb8 $18 {[%csl Rc8]}) 14. exf6 $6 ({Much better
is:} 14. Nd6+ Bxd6 15. exd6 Nf6 (15... Qxb2 $2 16. Rb1 Qxa2 17. cxd5 Qxd5 18.
Bc3 $16) 16. Qe5 $1 {[%cal Gc4c5,Gd3f5]} O-O (16... c5 $2 17. Bxf5 $16) (16...
Ng4 $2 17. Qxg7 Qf2+ 18. Kd1 $18 {[%csl Re8,Rh8][%cal Gg7e7,Gg7h8]}) 17. c5 $14
) 14... Nxf6 15. Bc3 ({It deserves attention:} 15. Be3 Qb4+ 16. Nc3 Rb8 17. Rb1
{/\0-0 +/=/=}) 15... Nxe4 ({Slightly worse is:} 15... O-O {in view of:} 16. c5
$1 Bxc5 (16... Qb8 $143 17. g3 $14) 17. Nxf6+ gxf6 18. O-O-O $5 $132 (18. Qg4+
Kf7 (18... Kh8 $4 19. Qh5 $18 {[%csl Rh8]}) 19. Qh5+ (19. Bxh7 Bf2+ 20. Kd1 Bd4
$13) 19... Ke7 20. Qxh7+ Rf7 21. Qh4 $13)) 16. Bxe4 ({Probably better is:} 16.
Qxe4 Bf6 17. Bxf6 gxf6 18. Qe2 {+/=/=}) 16... Bb4 ({Simply and safely:} 16...
O-O $5 17. Qd3 h6 $11 {[%cal Gd7d5]}) 17. Qh5+ Kf8 $8 (17... Kd8 $2 18. Qg5+ {
[%csl Rd8,Rg7]}) (17... g6 $2 18. Bxg6+ Kd8 19. c5 $1 $18) 18. Qf3 $6 {After
this inaccuracy black has a slight better position.It is necessary:} (18. Qe5
Qe3+ 19. Kd1 {[%cal Gh1e1]} Bxc3 20. bxc3 Qf2 21. f5 $1 $36 {[%csl Rf8]}) 18...
d5 19. Bd3 Ra7 {[%csl Ya7][%cal Ya7g7]} ({After:} 19... d4 20. Bxb4+ Qxb4+ 21.
Kd1 Qxb2 22. Rb1 Qa3 $8 (22... Qxa2 $4 23. Qxc6 $18) (22... Qc3 $4 23. Ke2 $18
{[%csl Rc6][%cal Gb1b3]}) 23. Qe4 {it may well be three results in this game.})
20. a3 Bxc3+ 21. bxc3 Rf7 ({Probably dubious:} 21... Qb2 22. O-O Qxc3 23. Qe3
$44) 22. Rb1 Qc5 {[%csl Rg1][%cal Gc5g1]} 23. cxd5 exd5 $6 ({Now possibly:} 
23... Qxc3+ 24. Ke2 exd5 25. Rhc1 Qf6 26. Rb8 Re7+ 27. Kf1 Re8 $15) 24. Kd2 g6
{[%cal Gf8g7]} ({Loses right away:} 24... Qxa3 {because of:} 25. Rb8 Rc7 (25...
Ke7 26. Qe3+) 26. Qh5 $1 {[%csl Rc8,Rf8][%cal Gh5f5]}) 25. Qe3 ({After:} 25.
Qe3 Qxe3+ (25... Qxa3 $2 {is refuted by:} 26. Qe5 $1 (26. Rb8 $143 Kg7 27. Qe5+
Rf6 28. Qc7+ Rf7 29. Qe5+ Rf6 $11 {[%cal Ga3d6]}) 26... Kg8 27. Rb8 Rf8 28.
Rhb1 $18) (25... Qd6 $143 26. g3 Kg7 27. Qd4+ $14) 26. Kxe3 Kg7 27. g3 {
white has a slight advantage in the endgame.}) 1/2-1/2